000 01155nam a2200361Ia 4500
001 dia_6494
003 CHAP
005 20230322113018.0
008 220117s2014 xx 000 0 und d
010 _a178805
020 _a978-84-9958-834-6
040 _cCHAP
082 _a664.8 T43 2014
245 _aTecnología de los alimentos de origen vegetal /
_c coordinación Ana Casp Vanaclocha
260 _aEspaña :
_b Síntesis,
_c2014
300 _a2 v.
440 _aManuales Científico-Técnicos
_9154812
504 _aBibliografía: p. 371-372
590 _aQK98.5 T43 2014
650 _aAlimentos
_xMicrobiología
_9150593
650 _aConservación de alimentos
_9140138
650 _aConservas
_9153381
650 _aFood crops
_9163060
650 _aFood preservation
_9147450
650 _aFood
_xMicrobiology
_9150594
650 _aPlantas alimentarias para seres humanos
_9163061
650 _aPreserves
_9153382
700 _aCasp Vanaclocha, Ana, coord.
_9163062
901 _a664.8 T43 2014
902 _aM
905 _a5222272014 sp aimn8222223322spa16
942 _cLIBRO
_2ddc
999 _c178805
_d178805